La droga en la sociedad actual (Record no. 57433)

MARC details
000 -LEADER
campo de control de longitud fija 00598nam a2200169 i 4500
001 - NÚMERO DE CONTROL
campo de control 57433
003 - IDENTIFICADOR DE NÚMERO DE CONTROL
campo de control ES-MaACL
007 - CAMPO FIJO DE DESCRIPCIÓN FÍSICA--INFORMACIÓN GENERAL
campo de control de longitud fija t|
008 - DATOS DE LONGITUD FIJA--INFORMACIÓN GENERAL
campo de control de longitud fija 031016s1985 sp ||||1| spa d
020 ## - NÚMERO INTERNACIONAL ESTÁNDAR DEL LIBRO
Número Internacional Estándar del Libro 84-7580-198-6
245 03 - MENCIÓN DEL TÍTULO
Título La droga en la sociedad actual
Resto del título : nuevos horizontes en criminología /
Mención de responsabilidad, etc. compilación de Antonio Beristain y José Luis de la Cuesta.
260 ## - PUBLICACIÓN, DISTRIBUCIÓN, ETC.
Lugar de publicación, distribución, etc. San Sebastián :
Nombre del editor, distribuidor, etc. Caja de Ahorros Provincial de Guipúzcoa,
Fecha de publicación, distribución, etc. [1985]
300 ## - DESCRIPCIÓN FÍSICA
Extensión 405 p. ;
Dimensiones 24 cm.
700 1# - ENTRADA AGREGADA--NOMBRE PERSONAL
Nombre de persona Beristain, Antonio.
9 (RLIN) 28031
700 1# - ENTRADA AGREGADA--NOMBRE PERSONAL
Nombre de persona Cuesta, Jose Luis de la.
9 (RLIN) 42039
852 ## - LOCALIZACIÓN
Ubicación ES-MaACL
Número de control de estantería L-8803
Sublocalización o colección R.110398
Holdings
Estatus retirado Estado de pérdida Estado de daño No para préstamo Biblioteca de origen Biblioteca actual Ubicación en estantería Fecha de adquisición Fuente de adquisición Total de préstamos Signatura topográfica completa Código de barras Visto por última vez Precio de reemplazo Tipo de ítem Koha
        Biblioteca del Ateneo de Madrid Biblioteca del Ateneo de Madrid Depósito 2 17/01/2008     L-8803 1060295 23/02/2023 23/02/2023 Libro impreso